| 000 | 00921nam a22002535a 4500 | ||
|---|---|---|---|
| 003 | AR-RoUNCS | ||
| 005 | 20251217145926.0 | ||
| 008 | 250626s1967 sp gr 001 d spa | ||
| 040 |
_aAR-BaBN _bspa _cAR-RoUNCS _eaacr |
||
| 041 | 1 |
_aspa _hgrc |
|
| 100 | 0 |
_aEurípides _eautor _4aut |
|
| 245 | 1 | 0 |
_aDramas y tragedias / _cEurípides ; versión, prólogo y notas por Florencia Grau. |
| 260 |
_aBarcelona : _bIberia, _c1967. |
||
| 300 |
_axii, 221 p. ; _c19 cm. |
||
| 490 | 0 | _aObras Maestras | |
| 505 | 0 | _aAlcestes -- Las troyanas -- Higenia en Táuride -- Electra -- El cíclope. | |
| 561 | 1 |
_3Inventario 01259785: _5AR-BaBN |
|
| 650 | 7 |
_2embne _aLiteratura clásica |
|
| 650 | 7 |
_2embne _aTragedia griega |
|
| 655 | 4 | _aTragedias | |
| 655 | 4 | _aAntologías | |
| 700 | 1 |
_aGrau, Florencia _etraductora _4trl _eprologuista _4aui _eeditora literaria _4edt |
|
| 942 |
_2udc _cLPD _n0 |
||
| 999 |
_c857 _d857 |
||